| 000 | 00000nam 2200000zi 4500 |
| 001 | 9.926108 |
| 003 | CaOODSP |
| 005 | 20231130151835 |
| 006 | m o d f |
| 007 | cr |n||||||||| |
| 008 | 230814e198803uuoncad ob f000 0 eng d |
| 040 | |aCaOODSP|beng|erda|cCaOODSP |
| 043 | |an-cn-ab |
| 086 | 1 |aDR52-4/2-1988E-PDF |
| 100 | 1 |aWong, J. Y. |e author.|q(Jo Yung) |
| 245 | 14|aThe Nepean tracked vehicle performance model (NTVPM-85) / |cby J.Y. Wong. |
| 264 | 1|aOttawa : |bVehicle Systems Development Corporation ; |aRalston, Alberta : |bDefence Research Establishment Suffield, |cMarch 1988. |
| 300 | |a1 online resource (109 pages) : |billustrations, charts |
| 336 | |atext|btxt|2rdacontent |
| 337 | |acomputer|bc|2rdamedia |
| 338 | |aonline resource|bcr|2rdacarrier |
| 490 | 1 |aContract report (DRES) ; |v17/88 |
| 500 | |a"DSS Contract Serial No. W77C2-R6-2680/01-SG". |
| 500 | |aDigitized edition from print [produced by Defence Research and Development Canada]. |
| 504 | |aIncludes bibliographical references (page 109). |
| 520 | 3 |aThe report outlines the basic features of a computer simulation model, known as the Nepean Tracked Vehicle Performance Model (NTVPM-85), developed by Vehicle Systems Development Corporation, Nepean, Ontario, Canada. NTVPM-85 is intended for parametric analysis of tracked vehicle performance over unprepared terrain. It takes into account all major design parameters of the vehicle as well as terrain characteristics. The theoretical basis for NTVPM-85 and its experimental validation are presented. The capabilities and features of NTVPM-85 are compared with those of some of the existing methods for predicting tracked vehicle performance. Examples of the applications of NTVPM-85 to parametric evaluation of tracked vehicle designs are also given. |
| 650 | 0|aTracklaying vehicles|xComputer simulation. |
| 650 | 0|aTanks (Military science)|xEvaluation. |
| 650 | 6|aVéhicules à chenilles|xSimulation par ordinateur. |
| 650 | 6|aChars d'assaut|xÉvaluation. |
| 710 | 2 |aDefence Research Establishment Suffield, |eissuing body. |
| 830 | #0|aContract report (DRES)|v17/88. |w(CaOODSP)9.926097 |
| 856 | 40|qPDF|s3.70 MB|uhttps://publications.gc.ca/collections/collection_2023/rddc-drdc/DR52-4-2-1988-eng.pdf |
| 986 | |aDRES-CR-017 |